| 000 | 00697nam a22001817a 4500 | ||
|---|---|---|---|
| 005 | 20251108164346.0 | ||
| 008 | 250721s1983 xx 000 0 ara d | ||
| 082 | 1 | 4 | _a928.11/جرا |
| 100 | 1 | _aالجراجره، عيسى حسن | |
| 245 | 1 | 0 |
_aشاعران من البادية : _bإبراهيم الصعوب و مفلح المبيضين : دراسة في الشعر الشعبي البدوي الأردني و شعر إثنين من فرسانه / |
| 264 | 1 |
_aعمان : _bدائرة الثقافة و الفنون، _c1983. |
|
| 300 | _a176ص. | ||
| 650 | 1 | 7 | _aالشعر العربي |
| 650 | 1 | 7 | _aالشعر النبطي |
| 650 | 1 | 7 | _aالأردن |
| 942 |
_2ddc _cBK |
||
| 999 |
_c10205 _d10205 |
||